| 000 | 01288nam0a22003011 4500 | ||
|---|---|---|---|
| 001 | rc\2591730 | ||
| 005 | 20230420151147.0 | ||
| 035 | _a(NLR Aleph) 006756010 | ||
| 090 |
_a5794289 _c5794289 |
||
| 100 | _a20110914d1929 |||y0rusy50 ca | ||
| 101 | 0 | _arus | |
| 102 | _aRU | ||
| 105 | _ay g ||||| | ||
| 200 | 1 |
_aСправочник секретаря ячейки Осоавиахима _fПод общ. ред. П. Н. Левина _gС предисл. П. А. Клевцова _gСоюз Осоавиахим СССР и Осоавиахим РСФСР |
|
| 205 | _a2-е изд., перераб. | ||
| 210 |
_aМосква _cОсоавиахим _d1929 _gкнижная ф-ка Центр. изд-ва народов СССР |
||
| 215 |
_a307, [2] с., из них 2 объявл., [10] с. объявл. _d17х14 см. |
||
| 300 | _aВ переплете-папке | ||
| 320 | _aБиблиография: указания рекомендуемой литературы в конце отделов | ||
| 702 | 1 |
_aЛевин _bП. Н. _4340 |
|
| 702 | 1 |
_aКлевцов _bП. А. _4080 |
|
| 710 | 0 | 2 | _aОсоавиахим СССР и РСФСР |
| 801 | 0 |
_aRU _bNLR _gpsbo |
|
| 801 | 1 |
_aRU _bELAR _2rusmarc |
|
| 852 |
_aNLR _j50/711 |
||
| 942 | _cBOOK | ||
| 980 | _aNB | ||